Statistická indukce pro ekonomy /

Saved in:
Bibliographic Details
Main Author: Bakytová, Hedviga (Author)
Format: Book
Language:Czech
Published: Praha : SNTL, 1986
Edition:1.vyd.
Tags: Add Tag
No Tags, Be the first to tag this record!

MARC

LEADER 00000nam a22000003a 4500
001 stu1471
005 20150617225618.0
008 920403s1986----cs------------------cze-d
040 |a STU  |b slo 
041 0 |a cze 
044 |a cs 
080 |a 519.226 
100 1 |a Bakytová, Hedviga  |4 aut 
245 1 |a Statistická indukce pro ekonomy /  |c aut. Bakytová,Hedviga 
250 |a 1.vyd. 
260 |a Praha :  |b SNTL,  |c 1986 
300 |a 344 s 
996 |b E76346  |c E*76346  |l EE03  |s P  |a 0  |w stu1471_0001